[Event "Belp op"]
[Site "Belp"]
[Date "2015.05.23"]
[Round "2"]
[White "Burger, Nico"]
[Black "Schweizer, Samuel"]
[Result "1-0"]
[WhiteElo "1910"]
[BlackElo "2120"]
[PlyCount "53"]
[EventDate "2015.05.23"]
[EventType "swiss"]
[EventRounds "5"]
[EventCountry "SUI"]
[SourceTitle "EXT 2016"]
[Source "ChessBase"]
[SourceDate "2015.10.08"]
[SourceVersion "1"]
[SourceVersionDate "2015.10.08"]
[SourceQuality "1"]

1. e4 c5 2. d4 cxd4 3. c3 d5 4. exd5 Qxd5 5. cxd4 Nc6 6. Nf3 e6 7. Bd3 Nf6 8. 0-0 Bd6 9. Nc3 Qa5 10. Bd2 Nd5 11. Nb5 Qd8 12. Nxd6+ Qxd6 13. Rc1 0-0 14. Ng5 f5 15. Bc4 h6 16. Bxd5 Qxd5 17. Nf3 Qxa2 18. Ne5 Nxe5 19. dxe5 Rd8 20. Qh5 Qd5 21. Rc7 Bd7 22. Bxh6 Qxe5 23. Qg6 Kf8 24. Rd1 Qxb2 25. h3 Be8 26. Bxg7+ Kg8 27. Qxe6+ 1-0

[Event "Ascona op 10th"]
[Site "Ascona"]
[Date "2015.04.15"]
[Round "2"]
[White "Schneider, Antonio"]
[Black "Burger, Nico"]
[Result "0-1"]
[WhiteElo "1857"]
[BlackElo "1743"]
[PlyCount "110"]
[EventDate "2015.04.14"]
[EventType "swiss"]
[EventRounds "5"]
[EventCountry "SUI"]
[SourceTitle "CBM 166 Extra"]
[Source "ChessBase"]
[SourceDate "2015.06.18"]
[SourceVersion "1"]
[SourceVersionDate "2015.06.18"]
[SourceQuality "1"]

1. e4 c5 2. Bc4 Nc6 3. Nf3 g6 4. 0-0 Bg7 5. Re1 d6 6. Nc3 Nf6 7. a4 0-0 8. Ra3 Bg4 9. h3 Ne5 10. Be2 Nxf3+ 11. Bxf3 Bxf3 12. Qxf3 Nd7 13. Qe2 Ne5 14. Nd1 Qd7 15. f4 Nc6 16. c3 d5 17. e5 e6 18. d3 Rac8 19. Nf2 Na5 20. Be3 b6 21. Bd2 c4 22. d4 Nb3 23. Be3 Qe7 24. g4 Kh8 25. g5 h5 26. gxh6 Bxh6 27. Ng4 Bg7 28. Bf2 Kh7 29. Bg3 Rh8 30. Kg2 Kg8 31. Nh2 g5 32. Rf1 Rh7 33. f5 exf5 34. Rxf5 Kh8 35. Ng4 Rc6 36. Qe3 Rg6 37. Qf2 Kg8 38. Nf6+ Bxf6 39. Rxf6 Rxf6 40. Qxf6 Qxf6 41. exf6 a5 42. Bc7 Rh6 43. Bd8 Kh7 44. Kg3 Kg6 45. Bxb6 Kxf6 46. Rxb3 cxb3 47. Bxa5 Ke7 48. Bb4+ Ke6 49. a5 Kf5 50. Bc5 Ke4 51. Kg4 Rg6 52. Be7 Kd3 53. Kf5 Kc2 54. Ba3 Ra6 55. Kxg5 Rxa5 0-1

[Event "Ascona op 10th"]
[Site "Ascona"]
[Date "2015.04.14"]
[Round "1"]
[White "Burger, Nico"]
[Black "Cacciola, Alfredo"]
[Result "0-1"]
[WhiteElo "1743"]
[BlackElo "2093"]
[PlyCount "72"]
[EventDate "2015.04.14"]
[EventType "swiss"]
[EventRounds "5"]
[EventCountry "SUI"]
[SourceTitle "CBM 166 Extra"]
[Source "ChessBase"]
[SourceDate "2015.06.18"]
[SourceVersion "1"]
[SourceVersionDate "2015.06.18"]
[SourceQuality "1"]

1. e4 c5 2. d4 cxd4 3. c3 dxc3 4. Nxc3 Nc6 5. Bc4 e6 6. Nf3 d6 7. 0-0 Nf6 8. Qe2 Be7 9. Bf4 e5 10. Be3 0-0 11. Rfd1 Be6 12. Bb5 Nd7 13. Rac1 a6 14. Bxc6 bxc6 15. Na4 Qa5 16. b3 Rfc8 17. Ng5 Qb5 18. Qh5 Nf6 19. Qh4 Re8 20. Nxe6 fxe6 21. Qh3 Bf8 22. Nc3 Qb7 23. Bg5 Qf7 24. Rd3 Qh5 25. Qg3 Nd7 26. Na4 Qg6 27. Qe3 c5 28. Bh4 Rab8 29. a3 Rb7 30. Qe2 Qh6 31. Rcc3 Qxh4 32. Rh3 Qe7 33. Qh5 Nf6 34. Qh4 Reb8 35. g4 g6 36. Rcf3 Nxe4 0-1

[Event "Lugano op"]
[Site "Lugano"]
[Date "2014.11.09"]
[Round "5"]
[White "Burger, Nico"]
[Black "Schneider, Antonio"]
[Result "1/2-1/2"]
[WhiteElo "1630"]
[BlackElo "1872"]
[PlyCount "140"]
[EventDate "2014.11.07"]
[EventType "swiss"]
[EventRounds "5"]
[EventCountry "SUI"]
[SourceTitle "EXT 2015"]
[Source "ChessBase"]
[SourceDate "2014.11.20"]
[SourceVersion "1"]
[SourceVersionDate "2014.11.20"]
[SourceQuality "1"]

1. e4 g6 2. d4 Bg7 3. Nf3 d6 4. Bf4 Nd7 5. Bc4 Nb6 6. Bb3 Bg4 7. Bxf7+ Kxf7 8. Ng5+ Ke8 9. Qxg4 Qd7 10. Qxd7+ Kxd7 11. c3 h6 12. Nf3 Nf6 13. Nbd2 Na4 14. 0-0-0 c5 15. Rhe1 cxd4 16. cxd4 Ng4 17. Bg3 Rhc8+ 18. Kb1 Nf6 19. h3 Rc6 20. Nb3 a5 21. Nh4 g5 22. Nf5 Bf8 23. e5 Nd5 24. e6+ Ke8 25. Rc1 Rb6 26. Rc4 Rb4 27. Rxb4 Nxb4 28. Re3 Nd5 29. Re2 b5 30. Rc2 Nab6 31. a3 a4 32. Nc1 Nc4 33. Ne2 Nf6 34. Nc3 d5 35. Nxb5 Kd8 36. Nc3 Nb6 37. Bc7+ Kxc7 38. Nxd5+ Kb7 39. Nxf6 exf6 40. e7 Bxe7 41. Nxe7 Re8 42. Nf5 Re1+ 43. Rc1 Re2 44. Rc2 Re1+ 45. Ka2 h5 46. h4 gxh4 47. Nxh4 Re4 48. Nf3 h4 49. b3 Rf4 50. Rc3 axb3+ 51. Kxb3 Rg4 52. Rd3 Nd5 53. g3 hxg3 54. fxg3 Rxg3 55. Ne5 Rg7 56. Nc4 Kc6 57. a4 Rb7+ 58. Ka3 Ra7 59. Rd2 Ne7 60. Ne3 Nd5 61. Rc2+ Kd6 62. Nc4+ Ke6 63. Re2+ Kf5 64. Ne3+ Ke4 65. Nxd5+ Kxd5 66. Rf2 Kxd4 67. Rxf6 Kc5 68. Rf5+ Kc4 69. a5 Ra6 70. Ka4 Rh6 1/2-1/2